[Event "27th Rubinstein Memorial"]
[Site "Polanica Zdroj POL"]
[Date "1989.08.??"]
[Round "1"]
[White "Sariego Figueredo, Wilfredo"]
[Black "Matlak, Marek"]
[WhiteElo "2324"]
[BlackElo "2410"]
[Result "1-0"]
[EventDate "1989.08.04"]
[PlyCount "63"]
1. e4 e6 2. d4 d5 3. Nc3 Bb4 4. Bd3 dxe4 5. Bxe4 Nf6 6. Bf3 Nbd7 7. Nge2 e5 8. O-O O-O 9. Bg5 Be7 10. Re1 h6 11. Bh4 c6 12. Ng3 g5 13. Nf5 gxh4 14. dxe5 Nh7 15. Nxh6+ Kg7 16. Nf5+ Kh8 17. Be4 Nc5 18. Nxe7 Qxe7 19. Qh5 Nxe4 20. Nxe4 f5 21. exf6 Qf7 22. Qxh4 Rg8 23. Re3 Bf5 24. Ng3 Bxc2 25. Re7 Qd5 26. f7 Rgf8 27. Qb4 Qd3 28. Rae1 b6 29. Re8 c5 30. Qf4 Qg6 31. Qe5+ Qg7 32. Qd5 1-0

[Event "27th Rubinstein Memorial"]
[Site "Polanica Zdroj POL"]
[Date "1989.08.??"]
[Round "2"]
[White "Nun, Jiri"]
[Black "Sariego Figueredo, Wilfredo"]
[WhiteElo "2475"]
[BlackElo "2324"]
[Result "1/2-1/2"]
[EventDate "1989.08.04"]
[PlyCount "59"]
1. e4 d5 2. exd5 Nf6 3. d4 Nxd5 4. Be2 g6 5. Nf3 Bg7 6. O-O O-O 7. c4 Nb6 8. Nc3 Nc6 9. d5 Ne5 10. Nxe5 Bxe5 11. Bh6 Re8 12. Qd2 e6 13. Rfe1 exd5 14. cxd5 Qd6 15. h3 Bd7 16. Rad1 c6 17. Bf3 cxd5 18. Nxd5 Bc6 19. Nxb6 Qxd2 20. Rxd2 axb6 21. Rde2 f6 22. a3 Bxf3 23. gxf3 Kf7 24. Be3 g5 25. Kf1 b5 26. Rc1 Ra4 27. Rc5 b4 28. Rc4 Bd6 29. axb4 Rxb4 30. Rxb4 1/2-1/2

[Event "27th Rubinstein Memorial"]
[Site "Polanica Zdroj POL"]
[Date "1989.08.??"]
[Round "2"]
[White "Stempin, Pawel"]
[Black "Zaichik, Gennadi"]
[WhiteElo "2405"]
[BlackElo "2500"]
[Result "1/2-1/2"]
[EventDate "1989.08.04"]
[PlyCount "20"]
1. d4 d6 2. Nf3 g6 3. c4 Bg7 4. Nc3 Nf6 5. g3 O-O 6. Bg2 c5 7. O-O Nc6 8. dxc5 dxc5 9. Bf4 Nh5 10. Be3 Qa5 1/2-1/2

[Event "27th Rubinstein Memorial"]
[Site "Polanica Zdroj POL"]
[Date "1989.08.??"]
[Round "2"]
[White "Tseitlin, Mikhail"]
[Black "Novikov, Igor"]
[WhiteElo "2381"]
[BlackElo "2171"]
[Result "0-1"]
[EventDate "1989.08.04"]
[PlyCount "110"]
1. d4 d5 2. Nf3 Nf6 3. Bg5 Ne4 4. Bf4 c5 5. c3 Nc6 6. e3 Qb6 7. Qb3 c4 8. Qc2 Bf5 9. Nh4 Bd7 10. Nd2 Nxd2 11. Qxd2 h6 12. Bg3 e6 13. Be2 Be7 14. f4 g5 15. Nf3 f5 16. h4 g4 17. Ne5 Nxe5 18. fxe5 h5 19. Bf4 Qd8 20. g3 b5 21. Kf2 Kf7 22. b3 Qc7 23. Rhb1 Rhc8 24. bxc4 bxc4 25. Bd1 Rcb8 26. Bc2 Qd8 27. a4 Rb6 28. Kg2 Rab8 29. Rxb6 axb6 30. Qc1 Ra8 31. Kg1 Ra6 32. Qf1 Kg7 33. Qc1 Bc6 34. Qb1 Qd7 35. Ra2 Kg6 36. Qa1 Qa7 37. Qb1 b5 38. Qf1 bxa4 39. e4 dxe4 40. Be3 Qa8 41. Qf4 Qf8 42. Kf2 a3 43. Bc1 Kh7 44. Ke1 Bd5 45. Kd1 Qg7 46. Qf1 Qg6 47. Ke1 Bf8 48. Bd1 Bh6 49. Rxa3 Rxa3 50. Bxa3 f4 51. gxf4 g3 52. Bc1 g2 53. Qg1 Qg3+ 54. Ke2 Qf3+ 55. Ke1 Qxc3+ 0-1

[Event "27th Rubinstein Memorial"]
[Site "Polanica Zdroj POL"]
[Date "1989.08.??"]
[Round "3"]
[White "Novikov, Igor"]
[Black "Stempin, Pawel"]
[WhiteElo "2171"]
[BlackElo "2405"]
[Result "1/2-1/2"]
[EventDate "1989.08.04"]
[PlyCount "55"]
1. d4 Nf6 2. c4 e6 3. Nf3 b6 4. g3 Ba6 5. b3 Bb4+ 6. Bd2 Be7 7. Bg2 c6 8. Bc3 d5 9. Ne5 Nfd7 10. Nxd7 Nxd7 11. Nd2 O-O 12. O-O Rc8 13. e4 c5 14. exd5 exd5 15. dxc5 dxc4 16. c6 cxb3 17. Re1 Bb5 18. axb3 Bxc6 19. Bxc6 Rxc6 20. Rxa7 Bf6 21. Ne4 Bxc3 22. Rxd7 Qc8 23. Re3 Bb4 24. Qd3 h6 25. Rf3 Re6 26. Qd5 Qc6 27. Qxc6 Rxc6 28. Rf4 1/2-1/2

[Event "27th Rubinstein Memorial"]
[Site "Polanica Zdroj POL"]
[Date "1989.08.??"]
[Round "3"]
[White "Siekanski, Janusz"]
[Black "Haba, Petr"]
[WhiteElo "2365"]
[BlackElo "2485"]
[Result "1/2-1/2"]
[EventDate "1989.08.04"]
[PlyCount "46"]
1. Nf3 Nf6 2. c4 e6 3. Nc3 d5 4. d4 Be7 5. Bg5 h6 6. Bxf6 Bxf6 7. e3 O-O 8. Qc2 c6 9. Bd3 Nd7 10. Rd1 dxc4 11. Bxc4 b5 12. Bd3 Bb7 13. O-O Qb6 14. Ne4 Be7 15. Rc1 Rfd8 16. Rfd1 Rac8 17. Nc5 Nxc5 18. dxc5 Qa5 19. Ne5 Qc7 20. f4 Bf6 21. Ng4 Be7 22. Ne5 Bf6 23. Ng4 Be7 1/2-1/2

[Event "27th Rubinstein Memorial"]
[Site "Polanica Zdroj POL"]
[Date "1989.08.??"]
[Round "3"]
[White "Zaichik, Gennadi"]
[Black "Matlak, Marek"]
[WhiteElo "2500"]
[BlackElo "2410"]
[Result "0-1"]
[EventDate "1989.08.04"]
[PlyCount "72"]
1. c4 e6 2. Nc3 d5 3. d4 Nf6 4. cxd5 exd5 5. Bg5 Be7 6. e3 c6 7. Qc2 Nbd7 8. Bd3 O-O 9. Nge2 Re8 10. O-O-O Nf8 11. h3 b5 12. g4 a5 13. Ng3 a4 14. Kb1 Qa5 15. Bxf6 Bxf6 16. Nce2 Bd7 17. Bf5 Rec8 18. Nf4 b4 19. Qd2 Be7 20. h4 Bd6 21. h5 Qd8 22. Bxd7 Nxd7 23. Nf5 Bf8 24. g5 Qxg5 25. Qd3 Qf6 26. Rdg1 Kh8 27. Rh3 a3 28. Nxg7 Bxg7 29. h6 Bf8 30. Rh5 b3 31. axb3 Nc5 32. Qd1 Nxb3 33. Qg4 Be7 34. Qg7+ Qxg7 35. hxg7+ Kg8 36. Kc2 a2 0-1

[Event "27th Rubinstein Memorial"]
[Site "Polanica Zdroj POL"]
[Date "1989.08.??"]
[Round "4"]
[White "Gruenberg, Hans-Ulrich"]
[Black "Sariego Figueredo, Wilfredo"]
[WhiteElo "2510"]
[BlackElo "2324"]
[Result "1/2-1/2"]
[EventDate "1989.08.04"]
[PlyCount "87"]
1. d4 c5 2. d5 g6 3. e4 Bg7 4. Nf3 Nf6 5. Nc3 d6 6. Be2 O-O 7. O-O Na6 8. Bf4 Nc7 9. a4 a6 10. h3 Rb8 11. e5 dxe5 12. Nxe5 Nfxd5 13. Nxf7 Rxf7 14. Nxd5 Nxd5 15. Bxb8 Bxb2 16. Rb1 Bd4 17. Bc4 e6 18. Rb3 Nb6 19. Qd3 Nxc4 20. Qxc4 b5 21. axb5 Bb7 22. bxa6 Bd5 23. Qb5 c4 24. Rg3 Qf8 25. Kh2 Rxf2 26. Rxf2 Qxf2 27. Qb1 c3 28. a7 Kf7 29. Qd1 Kg8 30. Rg4 e5 31. Rg3 Kg7 32. h4 h5 33. Bc7 Kh7 34. Kh3 Qf5+ 35. Kh2 Qf6 36. Rh3 Qc6 37. Bb8 Bxg2 38. Rg3 Be4 39. Qe2 Qb7 40. Rg5 Qd5 41. Qf1 Qa2 42. Qe2 Qd5 43. Qf1 Qa2 44. Qe2 1/2-1/2

[Event "27th Rubinstein Memorial"]
[Site "Polanica Zdroj POL"]
[Date "1989.08.??"]
[Round "4"]
[White "Nun, Jiri"]
[Black "Zaichik, Gennadi"]
[WhiteElo "2475"]
[BlackElo "2500"]
[Result "1-0"]
[EventDate "1989.08.04"]
[PlyCount "91"]
1. e4 c5 2. c3 e6 3. d4 d5 4. e5 Nc6 5. Nf3 Nh6 6. Bd3 cxd4 7. cxd4 Nf5 8. Bxf5 exf5 9. Nc3 Be6 10. Ne2 Be7 11. h4 h6 12. Nf4 Rc8 13. Rh3 Kd7 14. h5 Kc7 15. Rg3 Rg8 16. a3 Kb8 17. b4 Qb6 18. Rb1 Na5 19. Kf1 Nc4 20. Kg1 Qc7 21. a4 Qd7 22. Nd3 Qd8 23. Nc5 b6 24. Nxe6 fxe6 25. Rg6 Qd7 26. Ne1 Rce8 27. Nd3 Bd8 28. b5 Rgf8 29. Nb4 Ka8 30. Rb3 Rf7 31. Rc3 Na5 32. Na6 Nc4 33. Qf3 Qb7 34. Rc2 Bc7 35. Ba3 Bb8 36. Bb4 Bc7 37. Qg3 Bd8 38. Bd6 Qd7 39. Qd3 Qb7 40. Rxc4 dxc4 41. Qxc4 f4 42. Rxe6 Rxe6 43. Qxe6 f3 44. Qe8 Rd7 45. gxf3 Qc8 46. Kg2 1-0

[Event "27th Rubinstein Memorial"]
[Site "Polanica Zdroj POL"]
[Date "1989.08.??"]
[Round "4"]
[White "Stempin, Pawel"]
[Black "Matlak, Marek"]
[WhiteElo "2405"]
[BlackElo "2410"]
[Result "1/2-1/2"]
[EventDate "1989.08.04"]
[PlyCount "47"]
1. d4 d5 2. c4 e6 3. Nf3 c6 4. Nc3 Nf6 5. Bg5 Nbd7 6. cxd5 exd5 7. e3 Be7 8. Qc2 Nh5 9. Bxe7 Qxe7 10. O-O-O Nb6 11. Kb1 g6 12. Bd3 Be6 13. Na4 Nxa4 14. Qxa4 Ng7 15. Ka1 Bf5 16. Be2 h5 17. Rc1 Kf8 18. b4 a6 19. b5 cxb5 20. Bxb5 Ne6 21. Bd7 Kg7 22. Ne5 Rhd8 23. Bxe6 Bxe6 24. Rc5 1/2-1/2

[Event "27th Rubinstein Memorial"]
[Site "Polanica Zdroj POL"]
[Date "1989.08.??"]
[Round "5"]
[White "Matlak, Marek"]
[Black "Nun, Jiri"]
[WhiteElo "2410"]
[BlackElo "2475"]
[Result "1-0"]
[EventDate "1989.08.04"]
[PlyCount "49"]
1. d4 Nf6 2. Nf3 c5 3. e3 e6 4. Bd3 d5 5. O-O Be7 6. b3 O-O 7. Bb2 Nbd7 8. Nbd2 b6 9. c4 Bb7 10. Qe2 Rc8 11. e4 dxe4 12. Nxe4 cxd4 13. Nxd4 Nc5 14. Nxc5 Rxc5 15. Rad1 Qa8 16. f3 Qb8 17. Bb1 Bd6 18. g3 Bxg3 19. hxg3 Rg5 20. Rf2 Rxg3+ 21. Rg2 Rd8 22. Rf1 Nh5 23. Qf2 Rh3 24. Qe3 Kh8 25. Nc6 1-0

[Event "27th Rubinstein Memorial"]
[Site "Polanica Zdroj POL"]
[Date "1989.08.??"]
[Round "5"]
[White "Sariego Figueredo, Wilfredo"]
[Black "Haba, Petr"]
[WhiteElo "2324"]
[BlackElo "2485"]
[Result "0-1"]
[EventDate "1989.08.04"]
[PlyCount "68"]
1. e4 e5 2. Nf3 Nc6 3. Bc4 Nf6 4. d3 Be7 5. O-O O-O 6. Bb3 d6 7. c3 h6 8. h3 Kh8 9. Re1 Nh7 10. d4 Ng5 11. Nxg5 Bxg5 12. Na3 Bxc1 13. Rxc1 f5 14. dxe5 Nxe5 15. Nc4 Ng6 16. exf5 Bxf5 17. Ne3 Bd7 18. Nd5 Qh4 19. Qd4 Nf4 20. Re4 Nxh3+ 21. gxh3 Qg5+ 22. Kh2 Rf3 23. Nf4 c5 24. Rg1 cxd4 25. Rxg5 hxg5 26. Ng6+ Kh7 27. Rxd4 Rf6 28. Ne7 Re8 29. Re4 Rxf2+ 30. Kg3 Ref8 31. Re3 Rxb2 32. Bc4 Rff2 33. Bd3+ Kh6 34. Bc4 g6 0-1

[Event "27th Rubinstein Memorial"]
[Site "Polanica Zdroj POL"]
[Date "1989.08.??"]
[Round "5"]
[White "Smirin, Ilia"]
[Black "Schmidt, Wlodzimierz"]
[WhiteElo "2530"]
[BlackElo "2465"]
[Result "1/2-1/2"]
[EventDate "1989.08.04"]
[PlyCount "39"]
1. e4 e6 2. d4 d5 3. Nd2 c5 4. Ngf3 Nc6 5. exd5 exd5 6. Bb5 Bd6 7. dxc5 Bxc5 8. O-O Nge7 9. Nb3 Bd6 10. c3 Bg4 11. Be2 O-O 12. Nfd4 Bxe2 13. Qxe2 Re8 14. Bg5 h6 15. Bxe7 Bxe7 16. Rad1 Bf6 17. Qb5 Qb6 18. Qxb6 axb6 19. a3 Ra4 20. f3 1/2-1/2

[Event "27th Rubinstein Memorial"]
[Site "Polanica Zdroj POL"]
[Date "1989.08.??"]
[Round "5"]
[White "Zaichik, Gennadi"]
[Black "Kuczynski, Robert"]
[WhiteElo "2500"]
[BlackElo "2470"]
[Result "1-0"]
[EventDate "1989.08.04"]
[PlyCount "85"]
1. e4 c5 2. Nf3 d6 3. d4 cxd4 4. Nxd4 Nf6 5. Nc3 a6 6. Be3 e5 7. Nb3 Be6 8. Qd2 Nbd7 9. O-O-O b5 10. f3 Nb6 11. Qf2 Nc4 12. Bxc4 bxc4 13. Nc5 Qc7 14. N5a4 Rb8 15. Kb1 Be7 16. h4 O-O 17. Bg5 Qc6 18. a3 Rfd8 19. Qg3 Rd7 20. Rd2 Nh5 21. Qf2 f6 22. Be3 Bd8 23. Ka1 Ba5 24. g4 Nf4 25. Bxf4 exf4 26. Qd4 Kf7 27. Rhd1 Qb7 28. Rb1 h6 29. Rg2 Qa7 30. Qd2 d5 31. exd5 Rxd5 32. Qxf4 Rd4 33. Qe3 Rbd8 34. Re2 Qe7 35. Rbe1 Bxc3 36. Nxc3 R4d6 37. f4 Qd7 38. f5 Bd5 39. Qc5 Qc6 40. Re7+ Kf8 41. Qa7 Ra8 42. Qe3 Bf7 43. g5 1-0

[Event "27th Rubinstein Memorial"]
[Site "Polanica Zdroj POL"]
[Date "1989.08.??"]
[Round "6"]
[White "Kuczynski, Robert"]
[Black "Matlak, Marek"]
[WhiteElo "2470"]
[BlackElo "2410"]
[Result "1/2-1/2"]
[EventDate "1989.08.04"]
[PlyCount "76"]
1. e4 e6 2. d4 d5 3. Nd2 Nf6 4. e5 Nfd7 5. f4 c5 6. c3 Nc6 7. Ndf3 Qb6 8. h4 a5 9. h5 h6 10. a3 a4 11. g4 Qb3 12. Bd3 Qxd1+ 13. Kxd1 Na5 14. Ne2 Nb6 15. f5 Be7 16. Nf4 Nbc4 17. Ke2 Bd7 18. Rb1 O-O-O 19. fxe6 Bxe6 20. Bf5 Bxf5 21. gxf5 cxd4 22. cxd4 Bg5 23. Nd3 f6 24. Nc5 fxe5 25. dxe5 Rdf8 26. Ne6 Rxf5 27. Ned4 Rff8 28. Bxg5 hxg5 29. Rbg1 Re8 30. Rxg5 Nc6 31. e6 Nd8 32. Rxd5 Nxe6 33. Kf2 Nxb2 34. Rc1+ Kb8 35. Nxe6 Rxe6 36. Rc2 Rb6 37. Rdd2 Rb3 38. Rxb2 Rxa3 1/2-1/2

[Event "27th Rubinstein Memorial"]
[Site "Polanica Zdroj POL"]
[Date "1989.08.??"]
[Round "6"]
[White "Novikov, Igor"]
[Black "Siekanski, Janusz"]
[WhiteElo "2171"]
[BlackElo "2365"]
[Result "1-0"]
[EventDate "1989.08.04"]
[PlyCount "95"]
1. d4 Nf6 2. c4 e6 3. Nf3 b6 4. g3 Ba6 5. b3 Bb4+ 6. Bd2 Be7 7. Nc3 d5 8. cxd5 Nxd5 9. Bg2 Nd7 10. Nxd5 exd5 11. O-O O-O 12. Rc1 Re8 13. Rc2 c5 14. Be3 Bb7 15. Qc1 a5 16. Rd1 a4 17. dxc5 axb3 18. axb3 Nxc5 19. Qb2 Ne4 20. Bd4 Ba3 21. Qb1 Bb4 22. Bb2 Bc5 23. e3 Qd7 24. Bd4 Qe7 25. Rdc1 Ba6 26. Rd1 Bb7 27. Qc1 Rac8 28. Bh3 Ba3 29. Qb1 Rxc2 30. Qxc2 Bc5 31. Ra1 Ra8 32. Rxa8+ Bxa8 33. Qa2 Bc6 34. Ne5 Qb7 35. Bxc5 bxc5 36. Qa5 g6 37. Bd7 Qxb3 38. Qd8+ Kg7 39. Qe7 Qd1+ 40. Kg2 Bxd7 41. Qxf7+ Kh6 42. Qf4+ g5 43. Qf8+ Kh5 44. Qf7+ Kh6 45. Qxd7 Qe2 46. Qe6+ Kg7 47. Qf7+ Kh6 48. Qf8+ 1-0

[Event "27th Rubinstein Memorial"]
[Site "Polanica Zdroj POL"]
[Date "1989.08.??"]
[Round "6"]
[White "Schmidt, Wlodzimierz"]
[Black "Sariego Figueredo, Wilfredo"]
[WhiteElo "2465"]
[BlackElo "2324"]
[Result "1-0"]
[EventDate "1989.08.04"]
[PlyCount "53"]
1. Nf3 d5 2. d4 Nc6 3. c4 Bg4 4. Qa4 Bxf3 5. gxf3 dxc4 6. e3 e6 7. Nc3 Qf6 8. f4 Qg6 9. Bd2 Bb4 10. O-O-O Nge7 11. Bxc4 Qg2 12. Rhg1 Qxf2 13. Rdf1 Qxh2 14. Rh1 Qg2 15. Rfg1 Qf2 16. Qd1 Nf5 17. Rh3 O-O-O 18. Kb1 Bxc3 19. bxc3 Na5 20. Bd3 Nd6 21. Bc1 Ndc4 22. Rhg3 Qh2 23. R1g2 Qh4 24. Qa4 b5 25. Qxb5 Rd6 26. Kc2 Rb6 27. Qa4 1-0

[Event "27th Rubinstein Memorial"]
[Site "Polanica Zdroj POL"]
[Date "1989.08.??"]
[Round "7"]
[White "Sariego Figueredo, Wilfredo"]
[Black "Tseitlin, Mikhail"]
[WhiteElo "2324"]
[BlackElo "2381"]
[Result "1-0"]
[EventDate "1989.08.04"]
[PlyCount "75"]
1. e4 e5 2. Nf3 Nc6 3. Bc4 Bc5 4. c3 Nf6 5. d3 d6 6. O-O Bb6 7. Nbd2 Be6 8. Bxe6 fxe6 9. Nc4 O-O 10. a4 a6 11. Qb3 Nd7 12. Nxb6 Nc5 13. Qa2 cxb6 14. b4 Nxd3 15. Qxe6+ Kh8 16. Bg5 Qe8 17. Qxd6 Nf4 18. Bxf4 Rxf4 19. b5 Rf6 20. Qc7 axb5 21. axb5 Rc8 22. Qxb7 Na5 23. Qd5 Rc5 24. Qd3 Rxb5 25. Rfd1 h6 26. Qd8 Qxd8 27. Rxd8+ Kh7 28. Rad1 Rf4 29. R8d5 Rb3 30. Rxe5 Rxc3 31. Nd4 Nc6 32. Nxc6 Rxc6 33. g3 Rf7 34. Rd2 Rc1+ 35. Kg2 Rb1 36. h4 g6 37. Re8 h5 38. e5 1-0

[Event "27th Rubinstein Memorial"]
[Site "Polanica Zdroj POL"]
[Date "1989.08.??"]
[Round "7"]
[White "Zaichik, Gennadi"]
[Black "Haba, Petr"]
[WhiteElo "2500"]
[BlackElo "2485"]
[Result "1-0"]
[EventDate "1989.08.04"]
[PlyCount "83"]
1. e4 e5 2. Nf3 Nf6 3. Nc3 Nc6 4. Bc4 Nxe4 5. Nxe4 d5 6. Bd3 dxe4 7. Bxe4 Bd6 8. d4 exd4 9. O-O O-O 10. Bg5 f6 11. Bh4 Bg4 12. Qd3 Kh8 13. Bxc6 bxc6 14. Nxd4 Be5 15. Nxc6 Qxd3 16. cxd3 Bxb2 17. Rab1 Ba3 18. Rb3 Bc5 19. Rc1 Bb6 20. Kf1 Be6 21. Rb2 Rfe8 22. Bg3 a5 23. a3 h6 24. Bf4 Bc8 25. Re2 Ba6 26. Rc3 Rxe2 27. Kxe2 Re8+ 28. Be3 Re6 29. Kd2 Rd6 30. g3 Bxd3 31. Bf4 Rxc6 32. Rxc6 Bb5 33. Rc3 Bxf2 34. Rxc7 Bd4 35. Be3 Bxe3+ 36. Kxe3 a4 37. Rb7 Bc6 38. Rc7 Bb5 39. Kd4 Kh7 40. Kc5 Bd3 41. Kb4 Be4 42. Kxa4 1-0

[Event "27th Rubinstein Memorial"]
[Site "Polanica Zdroj POL"]
[Date "1989.08.??"]
[Round "8"]
[White "Gruenberg, Hans-Ulrich"]
[Black "Nun, Jiri"]
[WhiteElo "2510"]
[BlackElo "2475"]
[Result "1/2-1/2"]
[EventDate "1989.08.04"]
[PlyCount "35"]
1. d4 Nf6 2. c4 c5 3. d5 e6 4. Nc3 exd5 5. cxd5 d6 6. Nf3 g6 7. Bf4 a6 8. e4 Bg7 9. a4 O-O 10. Be2 Bg4 11. O-O Bxf3 12. Bxf3 Qe7 13. Re1 Nbd7 14. Qd2 Rab8 15. Be2 Rfc8 16. a5 Ne8 17. Bg4 b5 18. axb6 1/2-1/2

[Event "27th Rubinstein Memorial"]
[Site "Polanica Zdroj POL"]
[Date "1989.08.??"]
[Round "8"]
[White "Haba, Petr"]
[Black "Matlak, Marek"]
[WhiteElo "2485"]
[BlackElo "2410"]
[Result "1-0"]
[EventDate "1989.08.04"]
[PlyCount "75"]
1. e4 e6 2. d4 d5 3. e5 c5 4. c3 Qb6 5. Nf3 Nc6 6. a3 Bd7 7. b4 cxd4 8. cxd4 Rc8 9. Be3 Nge7 10. Bd3 Nf5 11. O-O Be7 12. Nbd2 Nb8 13. Qe2 Ba4 14. Rac1 O-O 15. Nb1 Bd7 16. Bxf5 exf5 17. Nc3 Be6 18. Na4 Qd8 19. Nc5 b6 20. Nxe6 fxe6 21. Rxc8 Qxc8 22. Rc1 Qd7 23. Qc2 h6 24. Bd2 Rd8 25. Ne1 Qe8 26. Nd3 Kf7 27. h3 Kg8 28. g3 g5 29. Kg2 Kg7 30. f3 Qd7 31. g4 f4 32. h4 Qe8 33. Kf2 Kf8 34. Ke2 Qb5 35. a4 Qe8 36. hxg5 hxg5 37. Nxf4 gxf4 38. Rh1 1-0

[Event "27th Rubinstein Memorial"]
[Site "Polanica Zdroj POL"]
[Date "1989.08.??"]
[Round "8"]
[White "Novikov, Igor"]
[Black "Sariego Figueredo, Wilfredo"]
[WhiteElo "2171"]
[BlackElo "2324"]
[Result "1-0"]
[EventDate "1989.08.04"]
[PlyCount "61"]
1. c4 e5 2. g3 Nc6 3. Bg2 g6 4. Nc3 Bg7 5. d3 Nge7 6. Rb1 O-O 7. b4 a6 8. e3 Nf5 9. Nge2 Rb8 10. O-O b5 11. Nd5 Nce7 12. e4 Nd4 13. Nxd4 exd4 14. Bg5 f6 15. Bf4 d6 16. Qc2 Nxd5 17. cxd5 f5 18. Qd2 Rf7 19. Rfe1 Bb7 20. Rbc1 fxe4 21. dxe4 Qf8 22. e5 dxe5 23. Bxe5 Bxe5 24. Rxe5 d3 25. Rc3 Re8 26. Rxd3 Bc8 27. a3 Rfe7 28. Ree3 Rxe3 29. fxe3 Qe7 30. e4 Qe5 31. Qc3 1-0

[Event "27th Rubinstein Memorial"]
[Site "Polanica Zdroj POL"]
[Date "1989.08.??"]
[Round "8"]
[White "Stempin, Pawel"]
[Black "Kuczynski, Robert"]
[WhiteElo "2405"]
[BlackElo "2470"]
[Result "1/2-1/2"]
[EventDate "1989.08.04"]
[PlyCount "23"]
1. d4 f5 2. Nf3 Nf6 3. g3 g6 4. Bg2 Bg7 5. O-O O-O 6. b3 Ne4 7. Bb2 d5 8. c4 c6 9. Nbd2 Kh8 10. Rc1 Be6 11. Qc2 Nd7 12. e3 1/2-1/2

[Event "27th Rubinstein Memorial"]
[Site "Polanica Zdroj POL"]
[Date "1989.08.??"]
[Round "9"]
[White "Kuczynski, Robert"]
[Black "Gruenberg, Hans-Ulrich"]
[WhiteElo "2470"]
[BlackElo "2510"]
[Result "0-1"]
[EventDate "1989.08.04"]
[PlyCount "126"]
1. e4 c5 2. Nf3 d6 3. d4 cxd4 4. Nxd4 Nf6 5. Nc3 a6 6. Bc4 e6 7. Bb3 Be7 8. f4 b5 9. f5 e5 10. Nde2 Bb7 11. Bg5 Nbd7 12. Bxf6 Nxf6 13. Qd3 Rc8 14. O-O O-O 15. Ng3 Qb6+ 16. Kh1 Qd4 17. Qf3 b4 18. Rfd1 Qc5 19. Nd5 Bxd5 20. exd5 a5 21. Ne4 Nxe4 22. Qxe4 Bg5 23. Rd3 Qb5 24. a4 bxa3 25. Rxa3 Qb4 26. Qxb4 axb4 27. Ra1 Ra8 28. Re1 g6 29. fxg6 hxg6 30. Kg1 f5 31. Rdd1 Ra5 32. Ra1 Rfa8 33. Rxa5 Rxa5 34. Bc4 Kg7 35. g3 Bd2 36. Re2 Bc1 37. b3 Bb2 38. Kg2 Ra1 39. Bb5 Bd4 40. h4 Kf6 41. Bd7 e4 42. Rd2 Bc5 43. Be8 Re1 44. Bb5 Ke5 45. Bc4 Bd4 46. Re2 Rd1 47. Bb5 Kf6 48. Be8 Bb6 49. Bc6 Rg1+ 50. Kh2 Rf1 51. Be8 Rf3 52. h5 gxh5 53. Bxh5 Rc3 54. Rd2 Be3 55. Rg2 Bd4 56. Be8 Rc5 57. Bc6 Be5 58. Rf2 Rc3 59. Rg2 Kg5 60. Bb5 Rxg3 61. Rxg3+ Kh4 62. Bd7 Bxg3+ 63. Kg2 f4 0-1

[Event "27th Rubinstein Memorial"]
[Site "Polanica Zdroj POL"]
[Date "1989.08.??"]
[Round "9"]
[White "Matlak, Marek"]
[Black "Schmidt, Wlodzimierz"]
[WhiteElo "2410"]
[BlackElo "2465"]
[Result "1/2-1/2"]
[EventDate "1989.08.04"]
[PlyCount "32"]
1. Nf3 Nf6 2. c4 g6 3. b4 Bg7 4. Bb2 O-O 5. e3 c6 6. Be2 a5 7. b5 cxb5 8. cxb5 d6 9. O-O Nbd7 10. Nc3 Nb6 11. Na4 e5 12. d4 e4 13. Nd2 Be6 14. Nxb6 Qxb6 15. Qa4 Rfc8 16. Rfc1 Qd8 1/2-1/2

[Event "27th Rubinstein Memorial"]
[Site "Polanica Zdroj POL"]
[Date "1989.08.??"]
[Round "9"]
[White "Siekanski, Janusz"]
[Black "Stempin, Pawel"]
[WhiteElo "2365"]
[BlackElo "2405"]
[Result "0-1"]
[EventDate "1989.08.04"]
[PlyCount "78"]
1. Nf3 Nf6 2. c4 e6 3. Nc3 d5 4. d4 Nbd7 5. Bg5 h6 6. Bf4 dxc4 7. e3 a6 8. a4 Nb6 9. a5 Nbd5 10. Bxc4 Bb4 11. O-O O-O 12. Qb3 Bxc3 13. bxc3 Nxf4 14. exf4 b5 15. axb6 cxb6 16. Be2 b5 17. c4 bxc4 18. Bxc4 Qd6 19. f5 exf5 20. Rfe1 Ne4 21. Ra5 Rb8 22. Qa2 Rb6 23. Ne5 Be6 24. Bxe6 fxe6 25. Qc4 Rfb8 26. g3 Rb5 27. Ra4 a5 28. Rc1 Kh7 29. Nc6 R8b6 30. Nxa5 Rb4 31. Rxb4 Rxb4 32. Qa2 Rxd4 33. Nb3 Rd1+ 34. Kg2 Ng5 35. Rxd1 Qxd1 36. Nd2 Qe2 37. Qb2 Nf3 38. Nc4 Ne1+ 39. Kg1 Qxc4 0-1

[Event "27th Rubinstein Memorial"]
[Site "Polanica Zdroj POL"]
[Date "1989.08.??"]
[Round "9"]
[White "Zaichik, Gennadi"]
[Black "Tseitlin, Mikhail"]
[WhiteElo "2500"]
[BlackElo "2381"]
[Result "1/2-1/2"]
[EventDate "1989.08.04"]
[PlyCount "91"]
1. g3 f5 2. Bg2 Nf6 3. Nf3 g6 4. O-O Bg7 5. c4 O-O 6. Nc3 d6 7. d3 Nc6 8. Rb1 Nh5 9. Nd5 a5 10. a3 e6 11. Bg5 Qd7 12. Nf4 Nxf4 13. Bxf4 a4 14. Bd2 e5 15. Bc3 Qe7 16. Ne1 f4 17. Nc2 Nd4 18. Bxd4 exd4 19. Qd2 Bg4 20. Bxb7 Qxe2 21. Qxe2 Bxe2 22. Bxa8 Rxa8 23. Nb4 c5 24. Rfe1 f3 25. Rxe2 fxe2 26. Nd5 Rb8 27. b4 axb3 28. f4 Re8 29. Re1 Re3 30. Kf2 Re8 31. a4 Kf7 32. a5 Bf6 33. a6 Ra8 34. Ra1 Bd8 35. Kxe2 Ke6 36. Kd2 b2 37. Re1+ Kf7 38. Kc2 Rxa6 39. Kxb2 h5 40. h3 Ra7 41. Ra1 Rxa1 42. Kxa1 g5 43. f5 g4 44. h4 Kg7 45. Kb2 Bf6 46. Nxf6 1/2-1/2

[Event "27th Rubinstein Memorial"]
[Site "Polanica Zdroj POL"]
[Date "1989.08.??"]
[Round "11"]
[White "Gruenberg, Hans-Ulrich"]
[Black "Haba, Petr"]
[WhiteElo "2510"]
[BlackElo "2485"]
[Result "1-0"]
[EventDate "1989.08.04"]
[PlyCount "115"]
1. d4 d5 2. c4 c6 3. Nc3 Nf6 4. e3 g6 5. Nf3 Bg7 6. Be2 O-O 7. O-O Bg4 8. Qb3 Qb6 9. h3 Bxf3 10. Bxf3 dxc4 11. Qxc4 Nbd7 12. Rd1 Ne8 13. Na4 Qc7 14. Nc5 Nd6 15. Qc2 Rfd8 16. Bd2 e5 17. Nxd7 Rxd7 18. dxe5 Bxe5 19. Bb4 Rad8 20. Rd2 a5 21. Bc5 Ne8 22. Rad1 Nf6 23. b3 h5 24. Ba3 Kg7 25. Rxd7 Rxd7 26. Qc5 Rxd1+ 27. Bxd1 Nd7 28. Qe7 Bf6 29. Qe8 Qd8 30. Qxd8 Bxd8 31. Kf1 Kf6 32. Ke1 Be7 33. Bb2+ Ke6 34. Be2 Bf6 35. Bc4+ Ke7 36. Ba3+ Ke8 37. f4 Nb6 38. Bd3 Nd5 39. Bc1 h4 40. e4 Nb4 41. Bb1 Bd4 42. Ke2 Kd7 43. Bd2 c5 44. Be1 Bf6 45. a4 Be7 46. Bd3 Nxd3 47. Kxd3 b6 48. Kc4 Kc6 49. f5 Bf6 50. e5 Bxe5 51. fxg6 fxg6 52. Bxh4 Bf4 53. g4 Be5 54. Bg5 Bg7 55. h4 Be5 56. h5 gxh5 57. gxh5 Kd6 58. h6 1-0

[Event "27th Rubinstein Memorial"]
[Site "Polanica Zdroj POL"]
[Date "1989.08.??"]
[Round "11"]
[White "Kuczynski, Robert"]
[Black "Schmidt, Wlodzimierz"]
[WhiteElo "2470"]
[BlackElo "2465"]
[Result "1-0"]
[EventDate "1989.08.04"]
[PlyCount "72"]
1. e4 e6 2. d4 d5 3. Nc3 Bb4 4. e5 c5 5. a3 Bxc3+ 6. bxc3 Ne7 7. h4 Qa5 8. Bd2 cxd4 9. cxd4 Qa4 10. h5 Qxd4 11. Nf3 Qe4+ 12. Be2 Nf5 13. Kf1 b6 14. Bb5+ Bd7 15. Bd3 Qg4 16. Rh3 Nc6 17. Qe1 Qa4 18. Kg1 h6 19. Rb1 Rc8 20. Bb4 Ncd4 21. Nxd4 Nxd4 22. Rg3 Nxc2 23. Bxc2 Qxc2 24. Rxg7 Qe4 25. Bd6 b5 26. Rd1 Qxe1+ 27. Rxe1 Rc3 28. Rd1 Bc6 29. Bb4 Rc4 30. Rd3 d4 31. Rg4 Bd5 32. f3 Kd7 33. Rdxd4 Rxd4 34. Rxd4 Rc8 35. Bd2 a6 36. Rf4 Rc2 1-0